Statistics for Sport general knowledge 2

Click here to take the quiz!

General Stats

  • This quiz has been taken 560 times
  • The average score is 16 of 25

Answer Stats

HintAnswer% Correct
Team in the six nationsEngland
89%
In Tennis, what is the name of the Grand Slam held in England?Wimbledon
89%
Who has won the Premier League/Division 1 the most times?Manchester United
88%
Who has won the Champions legaue/european cup the most times?Real Madrid
88%
Team in the six nationsScotland
87%
Team in the six nationsIreland
86%
Team in the six nationsWales
86%
Team in the six nationsFrance
85%
Team in the six nationsItaly
82%
Which male tennis player has won 17 Grand Slam titles?Roger Federer
81%
Who has won the Rugby Union World Cup in 2011?New Zealand
79%
Which Premier league team is nicknamed the Toffees?Everton
77%
Who has played the most games for Manchester United?Ryan Giggs
71%
What does ST stand for in football?Striker
68%
Who has won the premier league darts the most times?Phil Taylor
67%
What does PG stand for in Basketball?Point Guard
67%
In Formula 1, who won the 2013 Drivers world Championship?Sebastian Vettel
62%
Which city has the biggest cricket stadium in the world?Melbourne
55%
Who has taken the most wickets in the ashes?Shane Warne
50%
Who has won the NBA the most times?Boston Celtics
45%
What city is the Waca located in?Perth
45%
Who has won the NFL the most times?Green bay packers
29%
Which player has won the most NBA titles?Bill Russell
16%
Who has scored the most home runs in the 2012 MLB season?Miguel Cabrera
3%
Which female athelete has won the most medals at the olympics?Larisa Latynina
2%

Score Distribution

Percentile by Number Answered

Percent of People with Each Score

Your Score History

You have not taken this quiz